Statistics for NBA Teams and their cities

Click here to take the quiz!

General Stats

  • This quiz has been taken 43 times
  • The average score is 24 of 30

Answer Stats

TeamCity% Correct
LakersLos Angeles
100%
ClippersLos Angeles
100%
BullsChicago
97%
MavericksDallas
91%
NuggetsDenver
91%
RocketsHouston
91%
HeatMiami
91%
HawksAtlanta
89%
CelticsBoston
83%
PacersIndianapolis
83%
NetsNew York
83%
KnicksNew York
83%
MagicOrlando
83%
SunsPhoenix
83%
SpursSan Antonio
83%
HornetsCharlotte
80%
CavaliersCleveland
80%
GrizzliesMemphis
80%
PelicansNew Orleans
80%
Golden State WarriorsSan Francisco
80%
RaptorsToronto
80%
WizardsWashington
80%
BucksMilwaukee
77%
Trail BlazersPortland
77%
KingsSacramento
77%
ThunderOklahoma City
74%
JazzSalt Lake City
71%
TimberwolvesMinnesota
66%
76ersPhiladelphia
66%
PistonsAuburn Hills
11%

Score Distribution

Percentile by Number Answered

Percent of People with Each Score

Your Score History

You have not taken this quiz